Championat D1 hockey 2024-2025 Logos - Statistiques

Statistiques générales
  • Ce quiz a été pris 59 fois
  • Le résultat moyen est 9 sur 16
Statistiques - réponses
Par images Réponse % Correct
Remparts de Tours
83%
Wildcats d'Epinal
83%
Corsaires de Dunkerque
81%
Cometes de Meudon
78%
Drakkars de Caen
78%
Dogs de Cholet
75%
Eléphants de Chambéry
75%
Corsaires de Nantes
67%
Etoile noire de Strasbourg
61%
Albatros de Brest
53%
Ours de Villard de Lans
53%
Bisons de Neuilly
42%
Yetis de Mont-Blanc
42%
Diables rouges de Valenciennes
39%
Pingouins de Morzine-Avoriaz
25%
Bouquetins de HCMP
11%
Aucun quiz correspondant
Distribution des résultats
% des personnes avec chaque résultat
Percentile par nombre de réponses
Votre historique - résultats
Vous n’avez pas pris ce quiz